| 000 | 00650nam a2200205 u 4500 | ||
|---|---|---|---|
| 005 | 20240228064115.0 | ||
| 008 | 121122s2003 r 000 0 eng d | ||
| 020 | _a4880126020 | ||
| 035 | _aUPN01000188897 | ||
| 049 | _aI | ||
| 050 | 4 |
_aPZ90 T5 _bS8.2 |
|
| 100 | 1 |
_aSuwannapokin, Sirimala _933936 |
|
| 245 | 1 | 3 |
_aEl bambú defensor de la aldea / _cSirimala Suwannapokin ; il. Preeprem Plienbamrung ; tr. Eduardo Campelo. |
| 260 |
_aJapón : _bShinseken, _c2003. |
||
| 300 |
_a[32] p. : _bil. col. |
||
| 650 | 4 |
_aLITERATURA INFANTIL TAILANDESA _922187 |
|
| 650 | 4 |
_aLibros y lectura para niños _92290 |
|
| 905 | _aInfantil | ||
| 999 |
_c161000 _d161000 |
||